000 00327nam a22001337a 4500
008 181204b xxu||||| |||| 00| 0 eng d
020 _a9780070355675
041 _aeng
080 _22nd
_a510
100 _a36
101 _aMAT
245 _aFundamentals of Technical Mathematics with Calculus
_cKramer, A.D
942 _2udc
_cBK
999 _c52802
_d52802